Techniques of financial analysis: (Record no. 8370)
[ view plain ]
| 000 -LEADER | |
|---|---|
| fixed length control field | 00939nam a22002057a 4500 |
| 020 ## - INTERNATIONAL STANDARD BOOK NUMBER | |
| ISBN | 9780256146110 |
| 020 ## - INTERNATIONAL STANDARD BOOK NUMBER | |
| ISBN | 025614611x |
| 050 ## - CALL NUMBER | |
| Classification number | HG4026 |
| Item number | .H36 |
| 100 ## - AUTHOR | |
| Personal name | Helfert, Eric A. |
| 245 ## - TITLE | |
| Title | Techniques of financial analysis: |
| Remainder of title | A modern approach |
| Statement of responsibility, etc | Eric A. Helfert |
| 260 ## - PUBLICATION INFORMATION | |
| Place of publication | Chicago |
| Name of publisher | Richard D. Irwin, A Time Mirror Higher Education Group |
| Year of publication | 1997 |
| 300 ## - DESCRIPTION | |
| Number of Pages | xix,457p. |
| Other physical details | ill. |
| 500 ## - NOTES | |
| General note | Includes bibliographical references and index. |
| 505 ## - FORMATTED CONTENTS NOTE | |
| Table of Content | 1. Financial context for business<br/>2. Managing operating funds<br/>3. Assessment of business performance<br/>4. Projection of financial requirements<br/>5. Dynamics of business systems<br/>6. Analysis of investment Decisions<br/>7. The cost of capital and business decisions<br/>8. Analysis of financing choices<br/>9. Valuation and business performance |
| 650 ## - SUBJECTS | |
| Topical Term | Corporate-- finance |
| 650 ## - SUBJECTS | |
| Topical Term | Cash flow |
| 650 ## - SUBJECTS | |
| Topical Term | Financial statement |
| 650 ## - SUBJECTS | |
| Topical Term | Ratio analysis |
| 942 ## - ADDED ENTRY ELEMENTS (KOHA) | |
| Koha item type | Books |
| Withdrawn status | Lost status | Collection code | Home library | Current library | Shelving location | Date acquired | Source of acquisition | Full call number | Accession Number | Koha item type |
|---|---|---|---|---|---|---|---|---|---|---|
| Reference | Methodist University Library Main | Methodist University Library Main | General Stacks | 15/09/2024 | Donated by the entire Abbey family | HG4026 .H36 | 8789 | Books |